| 000 | 00000nas##2200000za#4500 |
|---|---|
| 001 | 9.509184 |
| 003 | CaOODSP |
| 005 | 20200325103014 |
| 007 | ta |
| 008 | 150406c1997||||xxc|| m #||||f| |0eng|d |
| 040 | |aCaOODSP|beng |
| 041 | |aeng |
| 041 | |afre |
| 043 | |an-cn--- |
| 086 | 1 |aCS96-10 |
| 245 | 00|a1996 Census of agriculture |
| 260 | |aOttawa - Ontario : |bStatistics Canada. |
| 563 | |aSoftcover |
| 710 | 1 |aCanada.|bStatistics Canada. |bCensus. |
| 792 | |tRecensement de l'agriculture de 1996 |efre|w(CaOODSP)9.509185 |